00642nam a2200205 a 450000500170000000800410001701000140005802000260007203500130009803700150011104000180012608200160014410000240016024500740018426000450025827000660030330000210036950000200039065000260041020090706153310.0010625s2001 ii b 000 0 eng  aENG-94328 c295.00a9788124114100 aEN-77861 bDBAD / PUB adplbEnglish  a305.6971054 aSyed Iqbal Hasnain  aMuslims in North India:cby Syed Iqbal Hasnain bfrozen in the past / aNew Delhi bHar-Anand Publicationsc2009 aE-49/3, Okhla Industrial Area, Phase-II, bNew Delhi e110020 a144p. c22cm(Hb) aIncludes index  aMuslimszIndia, North